Logo biblioteca
Santa Fe 2917, Rosario, Santa Fe
Lu-Vi 8 a 19.45
+54-341-4232362
bibliotecaeudoro@gmail.com
Facebook Biblioteca Pedagógica
Sitio web

Entre cerros y huellas: una propuesta interdisciplinaria / (Registro nro. 32481)

Detalles MARC
000 -CABECERA
campo fijo de control de longitud 01656nab a2200301 4500
003 - IDENTIFICADOR DEL NÚMERO DE CONTROL
campo de control AR-RoBPED
005 - FECHA Y HORADE LA ULTIMA TRANSACCION
campo de control 20260331122519.0
008 - ELEMENTOS DE LONGITUD FIJA--INFORMACION GENERAL
campo fijo de control de longitud 260331b |||||||| |||| 00| 0 spa d
040 ## - FUENTE CATALOGADORA
Centro catalogador/agencia de origen AR-RoBPED
041 ## - IDIOMA
Código de idioma para texto/pista de sonido o título independiente spa
100 1# - ENCABEZAMIENTO PRINCIPAL--AUTOR PERSONAL
Nombre de persona Aguirre, Yanina
9 (RLIN) 30671
Función Profesora en Español, Lengua Materna y Lengua Extranjera
245 1# - TITULO
Título Entre cerros y huellas: una propuesta interdisciplinaria /
260 ## - PUBLICACION
Lugar Buenos Aires :
Editor Noveduc,
Fecha 2025
300 ## - DESCRIPCION FISICA
Extensión 60-61 p.
500 ## - NOTA GENERAL
Nota general Se narra una experiencia que integró saberes de Ciencias Sociales, Ciencias Naturales, Lengua y Literatura, Educación Artística y Formación para la Vida y el Trabajo, con un enfoque STEAM ampliado, articulado desde la Educación para el Desarrollo Sostenible y el respeto a la diversidad cultural. lejos de una clase tradicional, se trató de una vivencia en movimiento, con un fuerte anclaje territorial y emocional.
650 #7 - TERMINO DE MATERIA--CONTROLADO
Término controlado CIENCIAS SOCIALES
9 (RLIN) 571
Término controlado EXPERIENCIA PEDAGOGICA
9 (RLIN) 3265
Término controlado CIENCIAS NATURALES
9 (RLIN) 535
Término controlado LENGUA Y LITERATURA
9 (RLIN) 850
Término controlado EDUCACION ARTISTICA
9 (RLIN) 3
Término controlado DESARROLLO SOSTENIBLE
9 (RLIN) 28167
700 1# - ENCABEZAMIENTO SECUNDARIO--AUTOR PERSONAL
Nombre de persona Domenech Del Valle, Emilia
9 (RLIN) 30672
Función Profesora en Español, Lengua Materna y Lengua Extranjera
Nombre de persona Rodríguez, Claudia S.
9 (RLIN) 30673
Función Ingeniera Agrónoma
Nombre de persona Sarla, Vanesa V.
9 (RLIN) 30675
Función Profesora en Cienciass Sociales con orientación en Geografía y Educación Ambiental
773 0# - DOCUMENTO FUENTE
Host Biblionumber 20414
Host Itemnumber 41863
Place, publisher, and date of publication Buenos Aires : Noveduc, 1993-
Título Novedades Educativas
Record control number (AR-RoBPED)20414
International Standard Serial Number 03283534
942 ## - ELEMENTOS KOHA
Fuente de clasificación Universal Decimal Classification
Koha tipo de ítem Revistas
Clasificación 37(05)
Signatura librística Nov 86 N° 403 (Ago.2025)
Número Koha k.32481
945 ## - PROCESAMIENTO DE LA INFORMACIÓN LOCAL
Catalogador y fecha mar 03/2026

No hay ítems disponibles.